| 000 | 01299nam0a22002891 4500 | ||
|---|---|---|---|
| 001 | v19\rc\1540833 | ||
| 005 | 20260406160344.0 | ||
| 035 | _a(NLR Aleph) 005235136 | ||
| 090 |
_a5646373 _c5646373 |
||
| 100 | _a20060620d1889 |||y0rusy50 ca | ||
| 101 | 0 | _arus | |
| 102 | _aRU | ||
| 105 | _aa z ||||| | ||
| 200 | 1 |
_aРусские детские сказки, собранные А.Н. Афанасьевым _fС картинками Н.Н. Каразина |
|
| 205 | _a3-е изд. | ||
| 210 |
_aМосква _c"Сотрудник школ" А.К. Залесской _d1889 |
||
| 215 |
_a306, [2] с., [10] л. ил. _cил. _d21 |
||
| 532 | 1 | 0 | _aРусские детские сказки, собранные Александром Николаевичем Афанасьевым |
| 700 | 1 |
_7ca _8rus _aАфанасьев _bА. Н. _cфольклорист _f1826-1871 _gАлександр Николаевич _9118131 _3RU\NLR\AUTH\778217 |
|
| 702 | 1 |
_4440 _7ca _8rus _aКаразин _bН. Н. _f1842-1908 _gНиколай Николаевич _936338 _3RU\NLR\AUTH\7753406 |
|
| 801 | 2 |
_aRU _bNLR _c20081006 _2rusmarc |
|
| 801 | 0 |
_aRU _bNLR _c20060620 _gpsbo |
|
| 801 | 0 |
_aRU _bRuMoRGB _c20060620 _2psbo |
|
| 801 | 1 |
_aRU _bProSoft-M _c20060620 _2rusmarc |
|
| 852 |
_aNLR _j18.191.6.60 |
||
| 942 | _cBOOK | ||
| 980 | _aNB | ||